000 00710nam a2200205 i 4500
001 bg
100 1 _aRUDAWSKI, Waldemar
245 0 _aMaszyny i urządzenia do przerobu mleka :
_binformator o producentach /
_cWaldemar Rudawski, Leszek Ratajczak ; Inst. Budownictwa, Mechanizacji i Elektryfikacji Rolnictwa.
260 _aWarszawa :
_bIBMER,
_c1994.
300 _a87 s. :
_brys., wykr. ;
_c31 cm.
650 9 _aMleczarstwo
_xmaszyny i urządzenia
655 _aInformatory
700 1 _aRATAJCZAK, Leszek
710 _aInstytut Budownictwa, Mechanizacji i Elektryfikacji Rolnictwa
040 _cBPK
041 _apl
080 _a637.1:631.3
942 _cKA
008 s pl f |000 0 pol
999 _c24159
_d24159
856 _uhttp://koha.tu.koszalin.pl/cgi-bin/koha/opac-detail.pl?biblionumber=24159
_yKatalog online BPK